Logo BPK

Biblioteka

Politechniki Koszalińskiej

Basic reading skills handbook / (Rekord nr 41325)

Szczegóły MARC
000 -ETYKIETA REKORDU
podpole kontrolne o stałej długości 00689nam a2200241 i 4500
001 - NUMER KONTROLNY REKORDU
pole kontrolne bgj
020 ## - MIĘDZYNARODOWY ZNORMALIZOWANY NUMER KSIĄŻKI - ISBN
ISBN 0395446783 (pbk)
040 ## - ŹRÓDŁO KATALOGOWANIA
Instytucja, która utworzyła rekord BPK
041 0# - KOD JĘZYKA
Kod języka tekstu eng
920 ## - Międzynarodowy znormalizowany numer książki – ISBN
ISBN 0-395-44678-3 (pbk)
008 - POLE O STAŁEJ DŁUGOŚCI - DANE KONTROLNE
podpole kontrolne o stałej długości s uk f |000 0 eng
100 1# - NAZWA OSOBOWA
Nazwa osobowa WIENER, Hervey S.
245 10 - TYTUŁ/ODPOWIEDZIALNOŚĆ
Tytuł Basic reading skills handbook /
Pozostałe elementy strefy tytułu i oznaczenia odpowiedzialności Hervey S. Wiener, Charles Bazerman.
260 ## - STREFA ADRESU WYDAWNICZEGO
Miejsce wydania Boston ;
-- Dallas :
Nazwa wydawcy/dystrybutora Houghton Mifflin,
Data publikacji, dystrybucji/powstania dokumentu cop. 1988.
300 ## - STREFA OPISU FIZYCZNEGO
Objętość XIII, 406 pp :
Inne cechy fizyczne ill. ;
Rozmiary 24 cm.
505 ## - SFORMALIZOWANA UWAGA DOTYCZĄCA ZAWARTOŚCI
Pełny tekst uwagi Incl. indexes.
650 #9 - HASŁO PRZEDMIOTOWE W FORMIE NAZWY OGÓLNEJ LUB JEDNOSTKOWEJ
Nazwa ogólna lub geograficzna Reading (Higher education)
650 #9 - HASŁO PRZEDMIOTOWE W FORMIE NAZWY OGÓLNEJ LUB JEDNOSTKOWEJ
Nazwa ogólna lub geograficzna College readers
650 #9 - HASŁO PRZEDMIOTOWE W FORMIE NAZWY OGÓLNEJ LUB JEDNOSTKOWEJ
Nazwa ogólna lub geograficzna Reading comprehension
650 #9 - HASŁO PRZEDMIOTOWE W FORMIE NAZWY OGÓLNEJ LUB JEDNOSTKOWEJ
Nazwa ogólna lub geograficzna Vocabulary
700 1# - HASŁO DODATKOWE - NAZWA OSOBOWA
Nazwa osobowa BAZERMAN, Charles
856 ## - LOKALIZACJA I DOSTĘP DO ELEKTRONICZNYCH DOKUMENTÓW ZDALNYCH
Link (URL) http://koha.tu.koszalin.pl/cgi-bin/koha/opac-detail.pl?biblionumber=41325
Tekst linku Katalog online BPK
942 ## - DODATKOWE ELEMENTY (KOHA)
Typ dokumentu Książka
Egzemplarze
Wycofany Status egzemplarza Uszkodzony Dostępność Lokalizacja stała Lokalizacja bieżąca Miejsce przechowywania Sygnatura Kod kreskowy Typ dokumentu
      Dostępny Biblioteka Politechniki Koszalińskiej Biblioteka Politechniki Koszalińskiej Wypożyczalnia Językowa KA 1871 09008007 Książka
© 2023 Biblioteka Politechniki Koszalińskiej :: KOHA